000 00514nam a2200217Ia 4500
003 OSt
005 20221005121003.0
006 a|||||r|||| 00| 0
007 ta
008 221004b |||||||| |||| 00| 0 snd d
024 _a6953
037 _cTextual
040 _aCRL
_cCRL
_bsnd
041 _2snd
_asnd
082 _aV2.N45<--N14, 1593L2
100 _aBasant
245 0 _aGandhi
260 _c1972
942 _hV2.N45<--N14, 1593L2
_cTEXL
_2cc
999 _c1039770
_d1039770